00872nam a22002657a 45000010005000000030006000050050017000110080041000280200018000690400029000870500017001160820012001331000026001452450057001712500041002282600032002693000061003015050007003625200105003695210018004745210018004926500026005106500040005367000030005768035FISKH20250819113612.0250819b cb ||||| |||| 00| 0 eng d a9780763643690 aFISKHbengcFISKHdFISKH aPZ7.C83175 M a823.914 aCousin, Lucyd(1964-) aMaisy, Charley, and the Wobbly tooth /cLucy Cousins aThis edition first published in 2009 aLondon :bCandlewick,c2006 a26 unnumbered pages :bcolor illustrations ;c19 x 23 cm aE  aMaisy the mouse and her animal friends accompany nervous Charley on his first visit to the dentist. 8 a200 bLexile 8 aE bRaz-Plus  2Picture bookaDentist 2Tooth teeth lose looseaSee dentist aLucy, Cousindillustrator